9è Seminari de Comunicació Pública : trending topics en comunicació pública trending topics en comunicació pública
Descripción Física:
1 tríptic ; 21 cm
MARC
| LEADER | 00000nam a2200000Ia 4500 | ||
|---|---|---|---|
| 001 | 24141 | ||
| 003 | BGR | ||
| 005 | 20260324180603.0 | ||
| 008 | 160829s2014 xx 000 0 cat d | ||
| 080 | |a FU-64-85 | ||
| 245 | |a 9è Seminari de Comunicació Pública : |b trending topics en comunicació pública | ||
| 260 | |a Barcelona : |b Comunicació Pública, |c 2014 | ||
| 300 | |a 1 tríptic ; |c 21 cm | ||
| 590 | |a Programa de mà de diferents conferències celebrades al 28 de març de 2014 al Citilab de Cornellà de Llobregat | ||
| 650 | 0 | |a Xarxes socials en línia |9 50989 | |
| 650 | |a Comunicació |9 22995 | ||
| 710 | 2 | |a Col·legi de Periodistes de Catalunya |9 52967 | |
| 710 | 1 | |a Barcelona (Catalunya : Província). |b Diputació |9 52408 | |
| 710 | 2 | |a Associació Comunicació Pública |9 70354 | |
| 710 | 2 | |a Caixa de Pensions per a la Vellesa i d'Estalvis de Catalunya i Balears |9 54857 | |
| 901 | |a Arxiu | ||
| 942 | |n 1 |2 udc |c MON | ||
| 952 | |0 0 |1 0 |4 0 |6 FU6485 |7 1 |9 55259 |a Arxiu |b Arxiu |d 2016-12-01 |l 0 |o FU-64-85 |p 24141 |r 2016-12-01 00:00:00 |w 2016-12-01 |y ARXIU | ||
| 999 | |c 59132 |d 59132 | ||